000 00495 a2200157 4500
001 149652
040 _cEscola São Tomás de Aquino
100 _aTELLES, Carlos Queiroz
240 1 0 _aNa próxima eleição vote em Draculão
_lpor
245 1 0 _aNa próxima eleição vote em Draculão
300 _a53
362 0 _a1997
440 1 _aFTD
697 _aHistórias de bruxas, centauros, fadas, duendes, deuses, sereias, ogres, vampiros, feiticeiros, mágicos
942 _cBK
999 _c149652
_d149652